000 01776nam0a2200313 4500
001 RU\NLR\BIBL_A\022281419
005 20240823165405.0
010 _a978-5-907746-15-2
_9300
021 _aRU
_bКН-П-24-032691
_9КН-П-24-3307
035 _a(NLR Aleph) 022281419
090 _a13223615
_c13223615
100 _a20240719d2023 u y0rusy50 ca
101 0 _arus
102 _aRU
105 _aa j 000yy
181 0 _ai
_baxxe
182 0 _an
200 1 _aВысшая математика
_eучебно-методическое пособие для выполнения контрольных работ студентами заочного отделения
_fЕ. Г. Васильева
_gМинобрнауки России, Федеральное государственное бюджетное образовательное учреждение высшего образования "Восточно-Сибирский государственный университет технологий и управления" (ВСГУТУ)
203 _aТекст
_bвизуальный
_cнепосредственный
210 _aУлан-Удэ
_cИзд-во ВСГУТУ
_d2023
215 _a90 с.
_cтабл.
_d20
320 _aБиблиогр.: с. 90 (13 назв.)
606 1 _aМатематика
_jУчебно-методические пособия для заочного обучения
_9922118
_3RU\NLR\AUTH\6619329
686 1 _aВ11я738-1
700 1 _aВасильева
_bЕ. Г.
_cканд. физ.-мат. наук
_gЕвгения Геннадьевна
_9270759
_3RU\NLR\AUTH\770270815
942 _cBOOK
980 _aNB